000
00273nam a2200109Ia 4500
008
190216s9999||||xx |||||||||||||| ||und||
100
_a
Milton E Reezor
245
0
_a
Engineering Vidyarthikalk Oru Vazhi Katy
260
_b
Bhasha Institute
650
_a
Physics
942
_c
BK
999
_c
38444
_d
38444